00958nam a2200193 a 450000100100000000500170001000800410002704000250006811000320009324501520012524600250027726000750030230000210037750000220039895201110042095201110053195201050064299900170074700003800220201002031141.0130312s2012 dr 000 0 spa d aDO-SdBNPbspacBNPHU1 aRepública Dominicana944710aÍndice general de la legislación de la República Dominicana año 2011 :bperíodo del gobierno constitucional del Dr. Leonel Fernández /.10aÍndice legislativo aSanto Domingo :bConsultoría Jurídica del Poder Ejecutivo.,c2012. a435 p. ;c22 cm. aEdición oficial 0010718PDaGRbGRcCTd2013-03-12iLF1l0o p38002-30r2020-06-25te. 2w2020-06-25yLFPDZNo se presta 0010718PDaPDbPDcCTd2013-03-12iLF1l0o p38002-10r2020-06-25te. 2w2020-06-25yLFPDZNo se presta 0010718PDaPDbPDcCTd2013-03-12iLF1l0o p38002-20r2020-06-25w2020-06-25yLFPDZNo se presta c37492d37492